Hysteretic energy loss in cord/rubber composites under 2-D cyclic loading (Record no. 60574)

MARC details
000 -LEADER
fixed length control field 00464nam a2200157Ia 4500
100 ## - MAIN ENTRY--AUTHOR NAME
Personal name Gurvich Mark R
245 #0 - TITLE STATEMENT
Title Hysteretic energy loss in cord/rubber composites under 2-D cyclic loading
260 ## - PUBLICATION, DISTRIBUTION, ETC. (IMPRINT)
Name of publisher Rubber Chemistry and Technology
Year of publication 2001
300 ## - PHYSICAL DESCRIPTION
Number of Pages 871-882
650 ## - SUBJECT ADDED ENTRY--TOPICAL TERM
Topical Term 2-D cyclic loading
650 ## - SUBJECT ADDED ENTRY--TOPICAL TERM
Topical Term Cord/rubber composites
700 ## - ADDED ENTRY--PERSONAL NAME
Personal name Andonian Archie T
700 ## - ADDED ENTRY--PERSONAL NAME
Personal name Kim Soojaa L
942 ## - ADDED ENTRY ELEMENTS (KOHA)
Koha item type Journals
Holdings
Withdrawn status Lost status Damaged status Not for loan Home library Current library Shelving location Date acquired Serial Enumeration / chronology Koha item type
      Journals RRII Library RRII Library Rubber chemistry 26/08/2002 Volume 74, Issue 5 Journals